Mapas antiguos del Valle de México (Record no. 3655)

MARC details
000 -CABECERA
campo de control de longitud fija 00684nam a2200241 a 4500
001 - NÚMERO DE CONTROL
campo de control BRCA_3928
005 - FECHA Y HORA DE LA ÚLTIMA TRANSACCIÓN
campo de control 20190320204458.0
008 - DATOS DE LONGITUD FIJA--INFORMACIÓN GENERAL
campo de control de longitud fija 100110s1947----mx-a######---#000-0#spa-#
041 ## - CÓDIGO DE LENGUA
Código de lengua del texto/banda sonora o título independiente spa
044 ## - CÓDIGO DEL PAÍS DE LA ENTIDAD EDITORA/PRODUCTORA
Código MARC del país mx
050 #4 - SIGNATURA TOPOGRÁFICA DE LA BIBLIOTECA DEL CONGRESO
Número de clasificación GA485
Número de documento/Ítem .A64 1 1947
100 1# - ENTRADA PRINCIPAL--NOMBRE DE PERSONA
Nombre de persona Apenes, Ola
Fechas asociadas al nombre 1898-1943.
9 (RLIN) 10218
245 10 - MENCIÓN DE TÍTULO
Título Mapas antiguos del Valle de México
Mención de responsabilidad, etc. Ola Apenes.
260 ## - PUBLICACIÓN, DISTRIBUCIÓN, ETC.
Lugar de publicación, distribución, etc. México
Nombre del editor, distribuidor, etc. UNAM, Instituto de Historia
Fecha de publicación, distribución, etc. 1947
300 ## - DESCRIPCIÓN FÍSICA
Extensión 31 p.
Otras características físicas il., 43 mapas
Dimensiones 23 cm.
500 ## - NOTA GENERAL
Nota general Incluye índice de mapas
500 ## - NOTA GENERAL
Nota general Ejemplar igual a CFG54
500 ## - NOTA GENERAL
Nota general C78
650 14 - PUNTO DE ACCESO ADICIONAL DE MATERIA--TÉRMINO DE MATERIA
Término de materia o nombre geográfico como elemento de entrada Valle de México
Término indicativo de función/relación Mapas
9 (RLIN) 10219
650 14 - PUNTO DE ACCESO ADICIONAL DE MATERIA--TÉRMINO DE MATERIA
Término de materia o nombre geográfico como elemento de entrada México (Ciudad)
Término indicativo de función/relación Mapas
9 (RLIN) 10220
902 ## - CATALOGADOR
Iniciales GFM
942 ## - ELEMENTOS DE PUNTO DE ACCESO ADICIONAL (KOHA)
Fuente del sistema de clasificación o colocación Library of Congress Classification
Tipo de ítem Koha Libros
Holdings
Estado de retiro Estado de pérdida Estado dañado No para préstamo Localización permanente Ubicación/localización actual Fecha de adquisición Número de inventario Total de préstamos Signatura topográfica completa Código de barras Fecha visto por última vez Precio válido a partir de Tipo de ítem Koha
El ejemplar forma parte de la colección y puede ser consultado según las políticas vigentes.       Biblioteca del Museo Franz Mayer (Rogerio Casas-Alatriste) Biblioteca del Museo Franz Mayer (Rogerio Casas-Alatriste) 10/01/2010 C78   GA485 .A64 1 1947 (C78) 3925 22/03/2019 22/03/2019 Libros